[Event "ICS rated blitz match"]
[Site "204.178.125.65"]
[Date "1999.10.01"]
[Round "?"]
[White "matar"]
[Black "Hossa"]
[Result "0-1"]
[WhiteElo "2142"]
[BlackElo "2457"]
[Annotator "Fritz 5.32 (20s)"]
[PlyCount "56"]
[EventDate "1999.??.??"]

1. e4 c6 2. d4 d5 3. exd5 cxd5 4. c4 Nf6 5. Nc3 Nc6 6. Bg5 dxc4 7. d5 Ne5 8.
Nf3 Bg4 (8... Qd6 9. Be2 Nxf3+ 10. Bxf3 g6 11. O-O Bg7 12. Qa4+ Bd7 13. Qxc4
O-O 14. Rfe1 Rac8 15. Qb3 b6 16. Rad1 Rfe8 17. g3 h6 18. Be3 Ng4 19. Bd4 Bxd4
20. Rxd4 Nf6 21. Qd1 Kg7 22. Rd3 b5 23. Rde3 {
Feher,G-Varga,P/Budapest 1995/EXT 98/ - (45)}) 9. Bxc4 (9. Qa4+ Bd7 10. Qd1
10... Bg4 {- Jandecka,T-Kucera,P/Klatovy 1997/EXT 98 (10)}) 9... Nxc4 10. Qa4+
10... Nd7 $146 (10... Qd7 11. Qxc4 Bxf3 12. gxf3 Rc8 13. Qd3 e5 14. O-O Bd6 15.
Bxf6 gxf6 16. Ne4 Rg8+ 17. Kh1 Rg6 18. Rg1 Ke7 19. Ng3 Rcg8 20. Rac1 a6 21. Qe4
Rc8 22. Rxc8 Qxc8 23. Nf5+ Kd7 24. Qh4 Rxg1+ 25. Kxg1 {
Prins,L-Golombek,H/Hastings 1946/MCL/1-0 (75)}) 11. Qxc4 Bxf3 12. gxf3 Rc8 13.
Qe2 a6 14. O-O Nb6 15. Rad1 Nc4 16. Rfe1 b5 17. a4 Qd7 18. axb5 axb5 19. b3 Nd6
20. Ne4 20... Nf5 $16 (20... Nxe4 21. fxe4 h6 22. Be3 $14) 21. b4 21... h6 $18
(21... Nd6 $5 $142 22. Nxd6+ Qxd6 23. Qxb5+ Qd7 24. Qxd7+ 24... Kxd7 $16) 22.
Nc5 $4 $11 {gibt den Vorteil aus der Hand} (22. Bf4 $142 {
nun kommt Weiss in Vorteil} 22... Rg8 23. Nc5 Rxc5 24. bxc5 $18) 22... Rxc5 23.
bxc5 {Droht entscheidend d6} 23... hxg5 24. Ra1 $11 (24. d6 e6 25. Qe4 25...
Bxd6 $14) 24... f6 $14 (24... Qb7 25. c6 25... Qc8 $14) 25. c6 $15 {
Weiss spielt seinen Trumpf aus} (25. Ra8+ Kf7 26. Qe6+ Qxe6 27. dxe6+ (27. Rxe6
$143 27... Rh4 $17) 27... Kg8 28. Rd1 $18) 25... Qc7 $1 {
die richtige Fortsetzung, um den Vorteil festzuhalten. Es droht Matt} (25...
Qxd5 26. c7 Nd6 27. Red1 $18) 26. Ra8+ Kf7 27. Qe6+ Kg6 28. f4 $2 (28. d6 $142
28... Qxc6 29. Rxf8 Rxf8 30. dxe7 Nxe7 31. Qxe7 $17) 28... Qxf4 (28... Qxf4 29.
h3 29... Rxh3 $19) (28... gxf4 29. Kh1 Nh6 30. Qd7 Qxd7 31. cxd7 $16) 0-1

[Event "ICS rated blitz match"]
[Site "204.178.125.65"]
[Date "1999.09.08"]
[Round "?"]
[White "miitrei"]
[Black "Hossa"]
[Result "0-1"]
[WhiteElo "2152"]
[BlackElo "2510"]
[PlyCount "54"]
[EventDate "1999.??.??"]

1. d4 d5 2. c4 c6 3. Nf3 Nf6 4. cxd5 cxd5 5. Nc3 Nc6 6. Bf4 e6 7. e3 Bb4 8. Rc1
Bxc3+ 9. bxc3 Qa5 10. Qc2 Nh5 11. Bg3 Nxg3 12. hxg3 f5 13. Bd3 O-O 14. g4 Ne7
15. Ne5 h6 16. gxf5 Nxf5 17. O-O Qd8 18. Nf3 Bd7 19. c4 Rc8 20. c5 Rc7 21. Qb1
Ba4 22. Qb4 Be8 23. Qb1 Bh5 24. Be2 Bxf3 25. Bxf3 Qg5 26. g3 Nxd4 27. exd4
27... Rxf3 {miitrei resigns} 0-1

[Event "ICS rated blitz match"]
[Site "204.178.125.65"]
[Date "1999.10.15"]
[Round "?"]
[White "mkarp"]
[Black "Hossa"]
[Result "0-1"]
[WhiteElo "2247"]
[BlackElo "2319"]
[PlyCount "31"]
[EventDate "1999.??.??"]

1. e4 e5 2. Nf3 Nc6 3. Bb5 a6 4. Bxc6 dxc6 5. O-O Bg4 6. h3 Bxf3 7. Qxf3 Ne7 8.
Qb3 b5 9. d3 Ng6 10. Be3 Bd6 11. Nd2 O-O 12. Nf3 Qe8 13. Rfe1 Rd8 14. d4 exd4
15. Bxd4 c5 16. Bc3 {mkarp resigns} 0-1

[Event "ICS rated blitz match"]
[Site "204.178.125.65"]
[Date "1999.10.15"]
[Round "?"]
[White "mkarp"]
[Black "Hossa"]
[Result "0-1"]
[WhiteElo "2271"]
[BlackElo "2314"]
[PlyCount "102"]
[EventDate "1999.??.??"]

1. e4 c6 2. d4 d5 3. exd5 cxd5 4. Bd3 Nc6 5. c3 Nf6 6. Nf3 Bg4 7. Bf4 e6 8. h3
Bxf3 9. Qxf3 Bd6 10. Bg5 O-O 11. O-O e5 12. dxe5 Nxe5 13. Qf5 Nxd3 14. Qxd3 Be5
15. Nd2 Re8 16. Nf3 h6 17. Nxe5 Rxe5 18. Bh4 Qb6 19. Rab1 Rae8 20. Rfd1 Ne4 21.
Qd4 Qxd4 22. Rxd4 g5 23. Bg3 Nxg3 24. fxg3 f5 25. Rbd1 Re2 26. R1d2 Rxd2 27.
Rxd2 Re5 28. Kf2 Kf7 29. Rd4 Ke6 30. Ra4 a6 31. Rb4 b5 32. a4 Re4 33. Rxe4+
dxe4 34. axb5 axb5 35. Ke3 Kd5 36. b3 Ke5 37. h4 gxh4 38. gxh4 f4+ 39. Ke2 h5
40. Kf2 Kd6 41. Ke2 Kd5 42. Kf2 Ke5 43. g3 f3 44. Ke3 Kd6 45. c4 bxc4 46. bxc4
Kc5 47. g4 hxg4 48. h5 g3 49. h6 g2 50. Kf2 e3+ 51. Kg1 51... e2 {mkarp resigns
} 0-1

[Event "ICS rated blitz match"]
[Site "204.178.125.65"]
[Date "1999.09.16"]
[Round "?"]
[White "monkeys"]
[Black "Hossa"]
[Result "0-1"]
[WhiteElo "2200"]
[BlackElo "2486"]
[PlyCount "65"]
[EventDate "1999.??.??"]

1. d4 d5 2. c4 dxc4 3. e3 b5 4. Nc3 a6 5. Qf3 Ra7 6. a4 Bb7 7. Qf4 Nc6 8. axb5
axb5 9. Rxa7 Nxa7 10. b3 Qd6 11. Qxd6 exd6 12. bxc4 bxc4 13. Nf3 d5 14. Bd2 Nf6
15. Ne5 Bd6 16. f4 c5 17. Be2 cxd4 18. exd4 Ke7 19. O-O Rc8 20. Rb1 Ba8 21. Ra1
Bb8 22. Bf3 Kf8 23. g4 Rd8 24. g5 Ne8 25. Bg4 Ke7 26. Na4 f6 27. Bb4+ Nd6 28.
Nb6 fxe5 29. Nxa8 exd4 30. Nc7 Nc6 31. Nxd5+ Kf7 32. Ba3 Nb5 33. Re1 {
monkeys resigns} 0-1

[Event "ICS rated blitz match"]
[Site "204.178.125.65"]
[Date "1999.09.27"]
[Round "?"]
[White "monkeys"]
[Black "Hossa"]
[Result "0-1"]
[WhiteElo "2139"]
[BlackElo "2471"]
[PlyCount "64"]
[EventDate "1999.??.??"]

1. e4 c5 2. Nf3 Nc6 3. d4 cxd4 4. Nxd4 e6 5. Nc3 Qc7 6. Be3 Nf6 7. g3 d5 8.
exd5 Nxd5 9. Nxd5 exd5 10. Bg2 Nxd4 11. Bxd4 Qe7+ 12. Kf1 Be6 13. Kg1 b5 14.
Qe2 a6 15. a4 Rb8 16. axb5 axb5 17. Ra7 Qg5 18. h4 Qd8 19. Kh2 Bd6 20. Bxg7 Rg8
21. Bd4 Qxh4+ 22. Kg1 Qxd4 23. Rxf7 Kxf7 24. Rxh7+ Rg7 25. Qh5+ Kf8 26. Rh8+
Ke7 27. Rxb8 Bxb8 28. c3 Qd2 29. Qf3 Qe1+ 30. Kh2 Rh7+ 31. Bh3 Rxh3+ 32. Kg2
32... Qh1# {monkeys checkmated} 0-1

[Event "ICS rated blitz match"]
[Site "204.178.125.65"]
[Date "1999.09.11"]
[Round "?"]
[White "monkeys"]
[Black "Hossa"]
[Result "0-1"]
[WhiteElo "2266"]
[BlackElo "2429"]
[PlyCount "56"]
[EventDate "1999.??.??"]

1. d4 d5 2. c4 e6 3. Nc3 Nf6 4. Bg5 Be7 5. e3 O-O 6. Bxf6 Bxf6 7. Nf3 c5 8.
cxd5 cxd4 9. Nxd4 exd5 10. Be2 Nc6 11. O-O Re8 12. Bf3 Be6 13. Nxe6 fxe6 14.
Rc1 Rc8 15. a3 Rf8 16. Bg4 Qd7 17. Ne2 Bxb2 18. Rb1 Bxa3 19. Nf4 Rce8 20. Rb5
Qf7 21. Qa1 Bd6 22. Bh5 g6 23. Bf3 Rd8 24. Nxd5 a6 25. Rxb7 Qxb7 26. Nf6+ Kh8
27. Bxc6 Qxc6 28. Ne8+ 28... e5 {monkeys resigns} 0-1

[Event "ICS rated blitz match"]
[Site "204.178.125.65"]
[Date "1999.09.08"]
[Round "?"]
[White "monstrik"]
[Black "Hossa"]
[Result "0-1"]
[WhiteElo "2133"]
[BlackElo "2491"]
[PlyCount "88"]
[EventDate "1999.??.??"]

1. e4 c5 2. Nf3 e6 3. d4 cxd4 4. Nxd4 Nc6 5. Nc3 Bb4 6. Nxc6 Bxc3+ 7. bxc3 dxc6
8. Qxd8+ Kxd8 9. Bf4 Nf6 10. O-O-O+ Bd7 11. f3 Kc8 12. Bc4 Rd8 13. Rd2 b5 14.
Be2 a5 15. Rhd1 Ra7 16. Be3 Rb7 17. Bc5 Ng8 18. a4 e5 19. axb5 cxb5 20. Kb2 Nf6
21. Be7 Rh8 22. Bd6 Re8 23. g4 Bc6 24. Bc5 Nd7 25. Be3 Nb6 26. Bxb6 Rxb6 27.
Rd6 Kb7 28. g5 Rc8 29. h4 Rc7 30. Rd8 h5 31. gxh6 gxh6 32. Rh8 Bd7 33. Rd8 Be6
34. R8d6 Rxd6 35. Rxd6 Rc6 36. Rd8 Rb6 37. Rh8 Bc4 38. Bxc4 bxc4+ 39. Ka3 Rf6
40. Re8 Rxf3 41. Rxe5 Rxc3+ 42. Ka4 Rxc2 43. Re7+ Kb6 44. Rxf7 44... Ra2# {
monstrik checkmated} 0-1

[Event "ICS rated blitz match"]
[Site "204.178.125.65"]
[Date "1999.08.28"]
[Round "?"]
[White "motorhome"]
[Black "Hossa"]
[Result "0-1"]
[WhiteElo "2116"]
[BlackElo "2499"]
[PlyCount "56"]
[EventDate "1999.??.??"]

1. e4 Nf6 2. Nc3 e5 3. f4 exf4 4. d4 Bb4 5. Qd3 c5 6. Nf3 cxd4 7. Nxd4 Bxc3+ 8.
bxc3 Nc6 9. Ba3 d5 10. Nb5 Nxe4 11. O-O-O Be6 12. g3 a6 13. Bg2 axb5 14. Bxe4
dxe4 15. Qxe4 Qb6 16. Bd6 Ra4 17. Qf3 Rxa2 18. Rhe1 fxg3 19. hxg3 Nd8 20. Qf4
Ra1+ 21. Kb2 Rxd1 22. Rxd1 Qa6 23. Qb4 Nc6 24. Qc5 Na5 25. Bc7 Nc4+ 26. Kb1
Nd2+ 27. Rxd2 Qa2+ 28. Kc1 28... Qa1# {motorhome checkmated} 0-1

[Event "ICS rated blitz match"]
[Site "204.178.125.65"]
[Date "1999.10.11"]
[Round "?"]
[White "motorhome"]
[Black "Hossa"]
[Result "0-1"]
[WhiteElo "2181"]
[BlackElo "2473"]
[PlyCount "32"]
[EventDate "1999.??.??"]

1. e4 c5 2. Nf3 e6 3. d4 cxd4 4. Nxd4 Nf6 5. Nc3 d6 6. Bc4 Be7 7. Be3 O-O 8. f3
d5 9. exd5 exd5 10. Bd3 Re8 11. Qd2 Bb4 12. O-O Nc6 13. Nxc6 bxc6 14. a3 Ba5
15. Bc5 d4 16. Rad1 16... dxc3 {motorhome resigns} 0-1

[Event "ICS rated blitz match"]
[Site "204.178.125.65"]
[Date "1999.09.13"]
[Round "?"]
[White "netpi"]
[Black "Hossa"]
[Result "1-0"]
[WhiteElo "2454"]
[BlackElo "2429"]
[PlyCount "54"]
[EventDate "1999.??.??"]

1. e4 c5 2. Nf3 Nc6 3. Nc3 e6 4. d4 cxd4 5. Nxd4 Nge7 6. Be3 d5 7. Nxc6 bxc6 8.
Qf3 Ng6 9. exd5 exd5 10. O-O-O Bd6 11. Nxd5 Ne5 12. Qe4 Bg4 13. f3 Bd7 14. Nc3
Bc7 15. f4 f5 16. Qd4 c5 17. Qxc5 Rc8 18. Ba6 Ra8 19. Rhe1 h6 20. Bd4 Kf7 21.
Bxe5 Bxe5 22. Rxe5 Re8 23. Red5 Qb6 24. Rxd7+ Kg8 25. Qxf5 Kh8 26. Bd3 Qe3+ 27.
Rd2 27... Qxd3 {Hossa resigns} 1-0

[Event "ICS rated blitz match"]
[Site "204.178.125.65"]
[Date "1999.09.12"]
[Round "?"]
[White "netpi"]
[Black "Hossa"]
[Result "1-0"]
[WhiteElo "2356"]
[BlackElo "2483"]
[PlyCount "115"]
[EventDate "1999.??.??"]

1. e4 c5 2. d4 cxd4 3. Nf3 e5 4. c3 dxc3 5. Nxc3 Nc6 6. Bc4 Bb4 7. O-O Bxc3 8.
bxc3 d6 9. Ba3 Bg4 10. Rb1 Qd7 11. h3 Bxf3 12. Qxf3 Nh6 13. Rfd1 O-O 14. Qg3
Kh8 15. Bxd6 Rfd8 16. Rd5 f6 17. Bxe5 Qe7 18. Bd6 Qxe4 19. Rxb7 Rg8 20. Qd3
Qe1+ 21. Qf1 Qxc3 22. Bf4 Ne5 23. Bxe5 fxe5 24. Rdd7 Rgb8 25. Rxg7 Rxb7 26.
Rxb7 Nf5 27. Bd3 Rf8 28. Qb1 Qc8 29. Rxa7 h5 30. Qd1 Ng7 31. Qd2 Rf4 32. Qa5
Qc1+ 33. Kh2 Rf8 34. Qxe5 Qh6 35. Rxg7 Qxg7 36. Qxh5+ Kg8 37. Bc4+ Rf7 38.
Bxf7+ Qxf7 39. Qxf7+ Kxf7 40. Kg3 Kf8 41. f4 Ke8 42. Kg4 Kd7 43. Kg5 Kd8 44. f5
Ke8 45. f6 Kf7 46. h4 Kf8 47. Kf5 Kf7 48. g4 Kf8 49. g5 Kf7 50. g6+ Ke8 51. Ke6
Kd8 52. g7 Kc7 53. f7 Kc6 54. f8=Q Kb6 55. Qd6+ Ka5 56. g8=Q Ka4 57. Qb6 Ka3
58. Qa8# {Hossa checkmated} 1-0

[Event "ICS rated blitz match"]
[Site "204.178.125.65"]
[Date "1999.09.13"]
[Round "?"]
[White "netpi"]
[Black "Hossa"]
[Result "1-0"]
[WhiteElo "2441"]
[BlackElo "2385"]
[PlyCount "152"]
[EventDate "1999.??.??"]

1. e4 e6 2. d4 d5 3. Nc3 Nf6 4. e5 Nfd7 5. Nf3 Be7 6. Be3 O-O 7. Be2 c5 8. O-O
cxd4 9. Qxd4 Nc6 10. Qf4 f6 11. exf6 Rxf6 12. Qg3 Rg6 13. Qh3 Nf6 14. Bd3 e5
15. Bf5 Bxf5 16. Qxf5 d4 17. Qe6+ Kf8 18. Ng5 Rxg5 19. Bxg5 dxc3 20. Bxf6 Bxf6
21. bxc3 Qe7 22. Qb3 Rd8 23. Rfd1 Rd7 24. Rab1 Rc7 25. Rd5 Bh4 26. Rf1 Qf6 27.
Qc4 Re7 28. g3 Bg5 29. Rfd1 Qf3 30. R1d3 Qf5 31. f4 Bf6 32. Rb5 Qg4 33. Qc5 e4
34. Rd6 e3 35. Rb1 Qf3 36. Rf1 Qe4 37. Rd3 b6 38. Qa3 e2 39. Re1 Kg8 40. Qb3+
Kh8 41. h4 g6 42. Kf2 Bxh4 43. Qd5 Qxd5 44. Rxd5 Bf6 45. Rd3 g5 46. Rxe2 gxf4
47. gxf4 Kg7 48. Rxe7+ Nxe7 49. Rd7 Kh6 50. Rxa7 Nd5 51. Rb7 Be7 52. c4 Bc5+
53. Kf3 Ne3 54. Rc7 Nxc4 55. a4 Na3 56. a5 Nb5 57. axb6 Nd4+ 58. Ke4 Bxb6 59.
Rc4 Kh5 60. Rxd4 Bxd4 61. Kxd4 Kg6 62. Ke5 Kf7 63. Kf5 Kf8 64. Kg5 Ke7 65. Kh6
Kf7 66. c4 Kf6 67. c5 Kf5 68. c6 Ke6 69. f5+ Kf6 70. c7 Kxf5 71. c8=Q+ Ke4 72.
Qe6+ Kd4 73. Kxh7 Kc5 74. Kg6 Kd4 75. Kf5 Kd3 76. Qe4+ 76... Kd2 {Hossa resigns
} 1-0

[Event "ICS rated blitz match"]
[Site "204.178.125.65"]
[Date "1999.09.15"]
[Round "?"]
[White "netpi"]
[Black "Hossa"]
[Result "1-0"]
[WhiteElo "2515"]
[BlackElo "2416"]
[PlyCount "104"]
[EventDate "1999.??.??"]

1. e4 c5 2. d4 cxd4 3. Nf3 e6 4. c3 dxc3 5. Nxc3 Bb4 6. a3 Bxc3+ 7. bxc3 d6 8.
Bg5 Ne7 9. Bc4 O-O 10. O-O f6 11. Bf4 d5 12. exd5 Nxd5 13. Bg3 Nxc3 14. Qxd8
Rxd8 15. Rfe1 Na6 16. Rac1 Nd5 17. Red1 b6 18. Nd4 Nac7 19. Bb3 Ne8 20. Nc6 Bb7
21. Nxd8 Rxd8 22. f3 e5 23. f4 e4 24. f5 h5 25. Rc4 h4 26. Bxh4 e3 27. Bg3 e2
28. Re1 Kf8 29. Rxe2 Ba6 30. Rd2 Bxc4 31. Bxc4 Ne3 32. Rxd8 Nxc4 33. a4 a5 34.
Rb8 Kf7 35. Bf2 Nb2 36. Bxb6 Nxa4 37. Bxa5 Nd6 38. g4 Nc5 39. Bb4 Nce4 40. h4
g5 41. Rd8 Nxf5 42. gxf5 gxh4 43. Rf8+ Kg7 44. Be7 h3 45. Kh2 Nf2 46. Kg3 Ne4+
47. Kxh3 Nf2+ 48. Kg3 Nd3 49. Rxf6 Nc1 50. Kf4 Nb3 51. Ra6 Kf7 52. Ra7 52...
Ke8 {Hossa resigns} 1-0

[Event "ICS rated blitz match"]
[Site "204.178.125.65"]
[Date "1999.09.14"]
[Round "?"]
[White "netpi"]
[Black "Hossa"]
[Result "1-0"]
[WhiteElo "2481"]
[BlackElo "2416"]
[PlyCount "62"]
[EventDate "1999.??.??"]

1. e4 e5 2. Nf3 Nc6 3. Bb5 a6 4. Ba4 b5 5. Bb3 Nf6 6. d3 d5 7. O-O Bg4 8. exd5
Nxd5 9. h3 Bh5 10. Re1 Qd6 11. d4 Nf6 12. g4 Bxg4 13. hxg4 Nxg4 14. Qd3 Qd7 15.
dxe5 Qxd3 16. cxd3 Rd8 17. Ng5 Bb4 18. Bd2 Bxd2 19. Nxd2 Rxd3 20. Bxf7+ Ke7 21.
Rac1 Ncxe5 22. Be6 Nh6 23. Rxc7+ Kf6 24. Nde4+ Kg6 25. Rc5 Rdd8 26. Rxe5 Rhf8
27. Nh3 Nf5 28. Nf4+ Kh6 29. Bxf5 g6 30. Kg2 gxf5 31. Rh1+ 31... Kg7 {
Hossa resigns} 1-0

[Event "ICS rated blitz match"]
[Site "204.178.125.65"]
[Date "1999.09.13"]
[Round "?"]
[White "netpi"]
[Black "Hossa"]
[Result "1-0"]
[WhiteElo "2467"]
[BlackElo "2429"]
[PlyCount "72"]
[EventDate "1999.??.??"]

1. e4 e5 2. Nf3 Nc6 3. Bb5 a6 4. Ba4 Nf6 5. O-O Be7 6. d4 exd4 7. Re1 b5 8. e5
Ng4 9. Bb3 O-O 10. h3 Bb4 11. c3 dxc3 12. bxc3 Nxf2 13. Kxf2 Bc5+ 14. Be3 Bxe3+
15. Rxe3 Re8 16. a4 Rb8 17. Qd3 bxa4 18. Bc2 g6 19. Bxa4 Rb6 20. Nbd2 d5 21.
exd6 Rxe3 22. Qxe3 Be6 23. Bxc6 Rxc6 24. dxc7 Qc8 25. Ne4 Qb7 26. Nf6+ Kg7 27.
Rd1 Qb2+ 28. Kf1 Qxc3 29. Nh5+ Kf8 30. Ne5 Bc4+ 31. Nxc4 Qxe3 32. Nxe3 Rxc7 33.
Nf6 h5 34. Ned5 Ra7 35. Ra1 a5 36. Nc3 36... Rc7 {Hossa resigns} 1-0

[Event "ICS rated blitz match"]
[Site "204.178.125.65"]
[Date "1999.09.11"]
[Round "?"]
[White "newfisher"]
[Black "Hossa"]
[Result "0-1"]
[WhiteElo "2077"]
[BlackElo "2470"]
[PlyCount "54"]
[EventDate "1999.??.??"]

1. e3 d5 2. d4 Nf6 3. Nf3 e6 4. c3 Bd6 5. Bd3 c5 6. O-O Nc6 7. Nbd2 O-O 8. dxc5
Bxc5 9. e4 Re8 10. e5 Ng4 11. Qe2 b6 12. Nb3 f6 13. Bf4 Be7 14. h3 fxe5 15.
Nxe5 Ngxe5 16. Bxe5 Nxe5 17. Qxe5 g6 18. Qe2 Bh4 19. g3 Bf6 20. h4 e5 21. Bb5
Rf8 22. Rad1 Bh3 23. Rfe1 Rc8 24. Qd2 d4 25. cxd4 exd4 26. Nxd4 Qd5 27. b3
27... Qg2# {newfisher checkmated} 0-1

[Event "ICS rated blitz match"]
[Site "204.178.125.65"]
[Date "1999.09.08"]
[Round "?"]
[White "newfisher"]
[Black "Hossa"]
[Result "0-1"]
[WhiteElo "2106"]
[BlackElo "2494"]
[PlyCount "42"]
[EventDate "1999.??.??"]

1. d4 d5 2. Nf3 Bf5 3. c4 dxc4 4. e3 b5 5. a4 Bxb1 6. Rxb1 c6 7. Ne5 e6 8. axb5
Bb4+ 9. Bd2 Bxd2+ 10. Kxd2 Qa5+ 11. Kc1 c3 12. Nxc6 Nxc6 13. bxc6 Ne7 14. bxc3
Qxc3+ 15. Qc2 Qe1+ 16. Kb2 Rb8+ 17. Ka1 Qa5+ 18. Qa2 Rxb1+ 19. Kxb1 Qe1+ 20.
Kb2 Qxf2+ 21. Ka3 21... Qxe3+ {newfisher resigns} 0-1

[Event "ICS rated blitz match"]
[Site "204.178.125.65"]
[Date "1999.10.04"]
[Round "?"]
[White "newfisher"]
[Black "Hossa"]
[Result "0-1"]
[WhiteElo "2089"]
[BlackElo "2389"]
[PlyCount "31"]
[EventDate "1999.??.??"]

1. e4 c5 2. Nf3 e6 3. g3 d5 4. e5 Nc6 5. Bg2 Nh6 6. d3 Ng4 7. Qe2 Qa5+ 8. Bd2
Qb6 9. b3 c4 10. O-O cxd3 11. cxd3 Be7 12. h3 Ngxe5 13. Nxe5 Nxe5 14. d4 Nc6
15. Qg4 Qxd4 16. Bg5 {newfisher resigns} 0-1

[Event "ICS rated blitz match"]
[Site "204.178.125.65"]
[Date "1999.08.30"]
[Round "?"]
[White "newfisher"]
[Black "Hossa"]
[Result "0-1"]
[WhiteElo "2105"]
[BlackElo "2498"]
[PlyCount "62"]
[EventDate "1999.??.??"]

1. e4 e5 2. Nf3 Nc6 3. Bb5 a6 4. Ba4 Nf6 5. O-O b5 6. Bb3 Be7 7. Re1 O-O 8. c3
d6 9. d4 Ng4 10. h3 Nf6 11. Nbd2 Nd7 12. Bc2 Bf6 13. d5 Ne7 14. Nf1 Nb6 15. Ne3
Bd7 16. g4 Ng6 17. Nf5 Bxf5 18. gxf5 Nh4 19. Nxh4 Bxh4 20. Qg4 Qf6 21. b3 Rae8
22. Be3 Rb8 23. Kg2 Rfc8 24. Rg1 c6 25. Kh1 cxd5 26. exd5 Nxd5 27. Be4 Nxc3 28.
Rg2 d5 29. Bd3 e4 30. Be2 Nxe2 31. Qxe2 31... Qxa1+ {newfisher resigns} 0-1

[Event "ICS rated blitz match"]
[Site "204.178.125.65"]
[Date "1999.08.30"]
[Round "?"]
[White "newfisher"]
[Black "Hossa"]
[Result "1/2-1/2"]
[WhiteElo "2102"]
[BlackElo "2502"]
[PlyCount "138"]
[EventDate "1999.??.??"]

1. d4 Nf6 2. Nf3 g6 3. e3 Bg7 4. Be2 O-O 5. b3 c5 6. Bb2 cxd4 7. Nxd4 d5 8. c4
dxc4 9. Bxc4 e5 10. Nf3 Qxd1+ 11. Kxd1 Ng4 12. Ke1 Nc6 13. h3 Nh6 14. Nbd2 Rd8
15. a3 Nf5 16. Rd1 Nd6 17. Be2 Bd7 18. Nc4 Nxc4 19. Bxc4 e4 20. Nd4 Ne5 21. Be2
Rac8 22. Rc1 Nd3+ 23. Bxd3 Rxc1+ 24. Bxc1 exd3 25. Bb2 Bc6 26. Nxc6 bxc6 27.
Bxg7 Kxg7 28. Kd2 Rd5 29. e4 Rd6 30. Rc1 c5 31. Rc3 Ra6 32. a4 Rb6 33. Rxd3 Rb4
34. f3 c4 35. bxc4 Rxc4 36. Ra3 h5 37. g4 hxg4 38. hxg4 g5 39. a5 Rc5 40. Ke3
a6 41. Kd4 Rb5 42. e5 Kf8 43. Ke4 Ke7 44. Kf5 f6 45. f4 gxf4 46. Kxf4 Rxe5 47.
Kf3 Rg5 48. Kf4 Rd5 49. Kf3 Kf7 50. Kf4 Re5 51. Kf3 Kg6 52. Kf4 Rg5 53. Ra2 f5
54. gxf5+ Rxf5+ 55. Ke4 Kf6 56. Ra3 Ke6 57. Kd4 Kd7 58. Kc3 Rd5 59. Kb4 Rb5+
60. Ka4 Re5 61. Rb3 Ke7 62. Rb6 Re4+ 63. Kb3 Re3+ 64. Kb4 Re4+ 65. Kc5 Re5+ 66.
Kb4 Re4+ 67. Kc5 Re5+ 68. Kb4 Re4+ 69. Kc5 69... Re5+ {Game drawn by repetition
} 1/2-1/2

[Event "ICS rated blitz match"]
[Site "204.178.125.65"]
[Date "1999.09.14"]
[Round "?"]
[White "newfisher"]
[Black "Hossa"]
[Result "1-0"]
[WhiteElo "2069"]
[BlackElo "2375"]
[PlyCount "76"]
[EventDate "1999.??.??"]

1. e4 e5 2. Bc4 Nf6 3. d3 Bb4+ 4. Bd2 Bxd2+ 5. Nxd2 d6 6. Ngf3 O-O 7. O-O Bg4
8. h3 Bxf3 9. Nxf3 c6 10. Bb3 a5 11. a3 Nbd7 12. Qe2 Qe7 13. Rad1 d5 14. Nd2 a4
15. Ba2 b5 16. Rfe1 Qc5 17. Nf1 Rad8 18. Ng3 Rfe8 19. Nf5 Nb6 20. g4 Qf8 21. g5
Nfd7 22. h4 f6 23. Qg4 fxg5 24. hxg5 Kh8 25. Kg2 Qc5 26. Rh1 Qxc2 27. Rxh7+
Kxh7 28. g6+ Kg8 29. Qh4 Nf8 30. Rh1 Qxf2+ 31. Kxf2 Nxg6 32. Qh7+ Kf7 33. Qxg7+
Ke6 34. Qxg6+ Kd7 35. Rh7+ Re7 36. Rxe7+ Kc8 37. Qxc6+ Kb8 38. Qxb6+ 38... Kc8
{Hossa resigns} 1-0

[Event "ICS rated blitz match"]
[Site "204.178.125.65"]
[Date "1999.09.22"]
[Round "?"]
[White "ninetyniner"]
[Black "Hossa"]
[Result "0-1"]
[WhiteElo "1775"]
[BlackElo "1975"]
[PlyCount "44"]
[EventDate "1999.??.??"]

1. d4 Nf6 2. c4 g6 3. Nc3 Bg7 4. Nf3 c5 5. e3 O-O 6. Be2 cxd4 7. exd4 d5 8. O-O
Nc6 9. Be3 dxc4 10. Bxc4 Bf5 11. Qd2 Ne4 12. Nxe4 Bxe4 13. Be2 Bxf3 14. Bxf3
Nxd4 15. Bxb7 Rb8 16. Be4 Rxb2 17. Qd3 Nc2 18. Rad1 Qxd3 19. Rxd3 Nxe3 20. Rxe3
Bd4 21. Rd3 Rd8 22. a4 22... f5 {ninetyniner resigns} 0-1

[Event "ICS rated blitz match"]
[Site "204.178.125.65"]
[Date "1999.09.20"]
[Round "?"]
[White "occam"]
[Black "Hossa"]
[Result "1-0"]
[WhiteElo "2315"]
[BlackElo "2345"]
[PlyCount "161"]
[EventDate "1999.??.??"]

1. e4 c6 2. d4 d5 3. Nc3 dxe4 4. Nxe4 Bf5 5. Ng3 Bg6 6. Nf3 Nd7 7. Be2 e6 8.
O-O Bd6 9. c4 Ne7 10. Qb3 Rb8 11. Qa4 a6 12. Nh4 O-O 13. Rd1 Bxg3 14. hxg3 Be4
15. Qa3 Rc8 16. Bg5 f6 17. Bd2 e5 18. dxe5 fxe5 19. Bg5 c5 20. Bg4 Rc7 21. f3
Bc6 22. Nf5 Rxf5 23. Bxf5 Qe8 24. Be6+ Kh8 25. Qa5 Rc8 26. Bg4 Ng6 27. Be3 e4
28. Bxc5 Nge5 29. Bxd7 Nxd7 30. Bd4 Qg6 31. fxe4 Qxe4 32. Rd2 Qg4 33. Qc3 Re8
34. Rf2 Kg8 35. c5 Nf8 36. Raf1 Ne6 37. Be5 Bb5 38. Re1 Bc6 39. Bd6 Kh8 40. Qd2
Qc4 41. b4 a5 42. bxa5 Kg8 43. Qe2 Qd4 44. Rd1 Qe4 45. Qxe4 Bxe4 46. Re1 Bd5
47. Re5 Bc4 48. Re4 Bd5 49. Re3 Bc4 50. Rc3 Bb5 51. Rb3 Ba6 52. Rb6 Rd8 53. Be7
Rd1+ 54. Kh2 Rf1 55. Rxf1 Bxf1 56. Rxe6 Kf7 57. Re1 Bc4 58. Bh4 Kg6 59. Rb1 Bd5
60. Rd1 Bc4 61. Rd6+ Kf5 62. g4+ Ke5 63. Rd7 Ba6 64. Re7+ Kd5 65. Rxg7 Bd3 66.
Rd7+ Kc4 67. Bg5 Be4 68. Re7 Kd4 69. Kg3 Bd5 70. Be3+ Kd3 71. Rd7 Kxe3 72. Rxd5
Ke4 73. a6 b6 74. Rd7 h5 75. c6 b5 76. c7 hxg4 77. c8=Q Ke5 78. Qe8+ Kf5 79.
Rf7+ Kg6 80. Qe6+ Kg5 81. Rf5# {Hossa checkmated} 1-0

[Event "ICS rated blitz match"]
[Site "204.178.125.65"]
[Date "1999.10.03"]
[Round "?"]
[White "okiemark"]
[Black "Hossa"]
[Result "1/2-1/2"]
[WhiteElo "2033"]
[BlackElo "2351"]
[PlyCount "34"]
[EventDate "1999.??.??"]

1. d4 d5 2. c4 c6 3. cxd5 cxd5 4. Nc3 Nc6 5. Nf3 Bg4 6. Qb3 Bxf3 7. Qxb7 Nxd4
8. exf3 Rb8 9. Qa6 Nc2+ 10. Kd1 Nxa1 11. Bb5+ Rxb5 12. Qxb5+ Qd7 13. Qb8+ Qd8
14. Qb5+ Qd7 15. Qb8+ Qd8 16. Qb5+ Qd7 17. Qb8+ 17... Qd8 {
Game drawn by repetition} 1/2-1/2

[Event "ICS rated blitz match"]
[Site "204.178.125.65"]
[Date "1999.09.22"]
[Round "?"]
[White "pesky"]
[Black "Hossa"]
[Result "0-1"]
[WhiteElo "2303"]
[BlackElo "2262"]
[PlyCount "112"]
[EventDate "1999.??.??"]

1. e4 e6 2. d4 d5 3. Nd2 c5 4. exd5 Qxd5 5. Ngf3 cxd4 6. Bc4 Qc5 7. O-O Nc6 8.
a3 Nf6 9. b4 Qd6 10. Nb3 e5 11. Re1 Bg4 12. b5 Ne7 13. a4 Qc7 14. Qd3 e4 15.
Bxf7+ Kxf7 16. Ng5+ Kg6 17. Nxe4 Bf5 18. Nbc5 Ng4 19. Qh3 Ne3 20. Qh4 Nxc2 21.
Bf4 Qd8 22. Qg3+ Kf7 23. Ng5+ Kg8 24. Re5 Nxa1 25. Qa3 Bb1 26. Qxa1 Nd5 27.
Qxb1 Qd6 28. Nd3 Rd8 29. Qb3 Qa3 30. Qxa3 Bxa3 31. Ne6 Nxf4 32. Nxd8 Nxd3 33.
Re8+ Bf8 34. Re2 Nc5 35. a5 d3 36. Re1 a6 37. bxa6 bxa6 38. Rd1 h5 39. Ne6 Nxe6
40. Rxd3 Rh6 41. Rd5 Nf4 42. Rd1 Rd6 43. Rxd6 Bxd6 44. g3 Ng6 45. Kg2 Bb4 46.
Kf1 Bxa5 47. Ke2 Kf7 48. Kf3 Bc3 49. Kg2 a5 50. Kf1 a4 51. Kg2 a3 52. Kf3 a2
53. Ke2 a1=Q 54. Kf3 Qh1+ 55. Ke3 Ne5 56. Ke2 56... Qe1# {pesky checkmated} 0-1